200 Prénoms de personnalités françaises - Statistiques

Statistiques générales
  • Ce quiz a été pris 14 725 fois
    13 902 depuis la dernière actualisation
  • Le résultat moyen est 125 sur 200
Statistiques - réponses
Nom Prénom % Correct
Reno Jean
97%
De Funès Louis
96%
Mitterrand Francois
94%
Aznavour Charles
93%
Macron Emmanuel
93%
Sardou Michel
93%
Curie Marie
92%
Bruel Patrick
91%
Pagny Florent
90%
Debbouze Jamel
90%
Goldman | Rousseau Jean-Jacques
90%
Hallyday Johnny
90%
Doré Julien
90%
Manaudou Laure
90%
Obispo Pascal
90%
Pogba Paul
90%
Deschamps Didier
89%
Piaf Edith
89%
Lavoine Marc
89%
Griezmann Antoine
88%
Zola Emile
88%
Foresti Florence
88%
Zidane Zinédine
88%
Clavier Christian
87%
Etchebest Philippe
87%
Niney Pierre
87%
Hanouna Cyril
86%
Mbappé Kylian
86%
Cotillard Marion
86%
Bonaparte Napoléon
86%
Paradis Vanessa
86%
Barthès Yann
86%
Cabrel Francis
85%
Dutronc Jacques
85%
Dassin Joe
85%
Bardot Brigitte
84%
Maé Christophe
84%
Elmaleh Gad
84%
Pokora Matt
83%
Sy Omar
83%
Lloris Hugo
82%
Pernaut Jean-Pierre
82%
Benzema Karim
82%
Gainsbourg Serge
82%
Camus Albert
81%
Boon Dany
81%
Dubosc Frank
81%
Besson Luc
81%
Veil Simone
81%
Souchon Alain
80%
Chazal Claire
80%
Noah Yannick
80%
Deneuve Catherine
79%
Jugnot Gérard
79%
Reichmann Jean-Luc
79%
Merad Kad
79%
Chao Manu
79%
Marceau Sophie
79%
Bent Amel
78%
Farmer Mylène
78%
Aliagas Nikos
78%
Bern Stephane
78%
Brogniart Denis
77%
Cassel Vincent
77%
Solveig Martin
76%
Parker Tony
76%
Mitchell Eddy
75%
Belmondo Jean-Paul
75%
Verne Jules
75%
Ferré Léo
75%
Ardisson Thierry
75%
Giscard d'Estaing Valéry
75%
Semoun Elie
74%
Cantona Eric
74%
Monfils Gaël
74%
Sirkis Nicola
74%
Chanel Coco
73%
Auteuil Daniel
73%
Balasko Josiane
73%
Cordula Cristina
72%
Sand George
72%
Valls Manuel
72%
Monet Claude
71%
Apollinaire Guillaume
71%
Adjani Isabelle
71%
Boccolini Laurence
71%
Hugo Victor
71%
Sanson Véronique
70%
Montand Yves
70%
Daho Etienne
69%
Thuram Lilian
69%
Sinclar Bob
68%
Douillet David
68%
Adams Kev
68%
Youn Michaël
68%
Minne Olivier
68%
Rimbaud Arthur
67%
Matuidi Blaise
67%
Angeli Eve
67%
Hardy Francoise
67%
Hulot Nicolas
67%
Kaas Patricia
67%
Efira Virginie
67%
Gainsbourg Charlotte
66%
Seydoux Léa
66%
Blum Léon
65%
Calmant Jeanne
64%
Gerra Laurent
64%
Royal Ségolène
64%
Trierweiler Valérie
64%
Lellouche Gilles
63%
Tautou Audrey
62%
Valbuena Mathieu
62%
Dati Rachida
62%
Loeb Sébastien
61%
Taubira Christiane
60%
Dhéliat Evelyne
60%
Jospin Lionel
60%
Tellier Sylvie
60%
Flaubert Gustave
59%
Garcia José
59%
Riner Teddy
59%
Aubert Jean-Louis
58%
Bachelot Roselyne
58%
Lapix Anne-Sophie
57%
Binoche Juliette
57%
Polanski Roman
57%
Roselmack Harry
56%
Proust Marcel
56%
Mathy Mimie
56%
Robin Muriel
56%
Frégé Elodie
55%
Badi Chimène
54%
Luchini Fabrice
54%
Aufray Hugues
54%
Ferri Karine
54%
Aubry Martine
54%
Barthez Fabien
53%
Starr Joey
53%
Girac Kendji
53%
Pivot Bernard
52%
Balladur Edouard
52%
Malagré Enora
50%
Jarre Jean-Michel
50%
Casta Laetitia
50%
Vian Boris
49%
De Villepin Dominique
49%
Béart Emmanuelle
49%
Astier Alexandre
48%
Flessel Laura
47%
Morano Nadine
46%
Cornillac Clovis
45%
Bécaud Gilbert
45%
Pissarro Camille
44%
Green Eva
42%
Bettencourt Liliane
42%
Tsonga Jo-Wilfried
41%
Ravel Maurice
41%
Darc Mireille
41%
Thavaud Norman
40%
Anconina Richard
40%
Delacroix Eugène
39%
Kosciusko-Morizet Nathalie
39%
Aubrac Lucie
38%
Goscinny René
38%
Doisneau Robert
38%
Arron Christine
37%
Dalle Béatrice
36%
Robuchon Joël
35%
Leroy Nolwenn
35%
Alliot-Marie Michèle
34%
Jobert Marlène
32%
Vallaud-Belkacem Najat
32%
Leconte Henri
31%
Barclay Eddie
30%
D'Aquitaine Aliénor
29%
Laguiller Arlette
29%
Saez Damien
29%
Cabaye Yohan
29%
Renoir Auguste
28%
Gavalda Anna
27%
Laurent Mélanie
27%
Braque Georges
26%
Berlioz Hector
26%
Emera Louane
24%
Robespierre Maximilien
24%
Gueko Seth
24%
Degas Edgar
23%
Yade Rama
21%
Cousteau Jacques-Yves
20%
Couture Charlélie
18%
Nour Ayem
16%
Shen Kool
16%
Larage Faf
14%
Arkana Keny
13%
Buffet Marie-George
13%
Abel Myriam
13%
Bilal Enki
11%
Lemaire Reno
3%
Aucun quiz correspondant
Distribution des résultats
% des personnes avec chaque résultat
Percentile par nombre de réponses
Votre historique - résultats
Vous n’avez pas pris ce quiz depuis la dernière actualisation